000 00464nam a2200181Ia 4500
001 3745
005 20260306145706.0
008 260306t1994||||xx |||||||||||||| ||spa||
041 _aESP
082 _a302.23
_bI96
100 _aIyengar, Shanto
_eAUT
245 0 _aTelevisión y opinión pública:
_bel poder de los medios de comunicación
260 _c1994
300 _a257 páginas :
_c21 cm.
650 _aGEN
654 _aCED
942 _cLIB
_dJUS
_fJUS
_2ddc
_n
999 _c3745
_d3745